Car Makes and Models Quiz - Statistics

General Stats
  • This quiz has been taken 39 times
  • The average score is 8 of 15
Answer Stats
Model Make % Correct
Mustang Ford
92%
Cooper S Mini
89%
M760li BMW
83%
Camaro zL1 Chevrolet
83%
AMG GTS Mercedes
83%
Sierra Denali HD GMC
64%
Arteon Volkswagen
64%
MC12 Corsa Maserati
53%
Cutlass Oldsmobile
47%
9-3 Saab
42%
GS 350 F Sport Lexus
36%
Centodieci Bugatti
31%
Tarraco SEAT
28%
Sweptail Rolls Royce
19%
TSR S Zenvo
17%
No matching quizzes found
Score Distribution
Percent of People with Each Score
Percentile by Number Answered
Your Score History
You have not taken this quiz